Madden 25 Ratings - Statistics

General Stats
  • This quiz has been taken 281 times
  • The average score is 34 of 100
Answer Stats
Position Team Overall Player % Correct
RB Ravens 99 Derrick Henry
100%
QB Ravens 99 Lamar Jackson
100%
QB Bills 98 Josh Allen
99%
TE Chiefs 99 Travis Kelce
99%
WR Vikings 99 Justin Jefferson
98%
QB Chiefs 97 Patrick Mahomes
98%
RB Eagles 98 Saquon Barkley
97%
DE Browns 98 Myles Garrett
95%
TE 49ers 98 George Kittle
94%
WR Bengals 97 Ja'Marr Chase
93%
LOLB Cowboys 98 Micah Parsons
93%
LOLB Steelers 98 T.J. Watt
93%
OT 49ers 99 Trent Williams
93%
WR Lions 96 Amon-Ra St.Brown
90%
WR Dolphins 96 Tyreek Hill
88%
DT Chiefs 97 Chris Jones
87%
CB Broncos 97 Patrick Surtain II
85%
LB 49ers 96 Fred Warner
79%
WR Eagles 94 A.J. Brown
78%
DE 49ers 96 Nick Bosa
75%
QB Bengals 95 Joe Burrow
71%
WR Cowboys 95 CeeDee Lamb
64%
RB 49ers 95 Christian McCaffrey
64%
OT Lions 96 Penei Sewell
61%
OT Eagles 97 Lane Johnson
57%
WR Buccaneers 94 Mike Evans
56%
CB Dolphins 95 Jalen Ramsey
55%
RB Texans 94 Joe Mixon
53%
WR Eagles 88 DeVonta Smith
50%
LOLB Raiders 95 Maxx Crosby
49%
DE Lions 94 Aidan Hutchinson
46%
CB Jets 94 Sauce Gardner
44%
RB Packers 93 Josh Jacobs
42%
DT Giants 96 Dexter Lawrence
39%
TE Ravens 92 Mark Andrews
29%
WR Commanders 93 Terry McLaurin
28%
OT Buccaneers 96 Tristan Wirfs
28%
C Chiefs 94 Creed Humphrey
27%
WR Texans 90 Stefon Diggs
25%
WR Jets 91 Davante Adams
24%
SS Cardinals 93 Budda Baker
23%
RB Lions 91 Jahmyr Gibbs
23%
LB Ravens 94 Roquan Smith
23%
WR Rams 90 Cooper Kupp
22%
OT Eagles 94 Jordan Mailata
22%
TE Vikings 91 T.J. Hockenson
21%
OT Texans 95 Laremy Tunsil
20%
QB Lions 88 Jared Goff
19%
FS Falcons 96 Jessie Bates III
19%
FS Steelers 93 Minkah Fitzpatrick
18%
RB Browns 90 Nick Chubb
18%
WR Texans 88 Nico Collins
18%
DE Steelers 93 Cameron Heyward
16%
WR Seahawks 89 D.K. Metcalf
16%
RB Falcons 89 Bijan Robinson
15%
OG Chiefs 93 Joe Thuney
15%
CB Packers 92 Jaire Alexander
14%
C Lions 91 Frank Ragnow
13%
CB Ravens 93 Marlon Humphrey
13%
CB Chiefs 93 Trent McDuffie
13%
WR 49ers 89 Brandon Aiyuk
12%
ROLB Chargers 91 Khalil Mack
12%
TE Browns 90 David Njoku
11%
CB Browns 91 Denzel Ward
11%
SS Chargers 93 Derwin James Jr.
11%
OG Colts 92 Quenton Nelson
11%
DT Buccaneers 90 Vita Vea
11%
OG Cowboys 93 Zach Martin
11%
OG Falcons 94 Chris Lindstrom
10%
DE Bengals 91 Trey Hendrickson
10%
OT Dolphins 93 Terron Armstead
9%
SS Packers 92 Xavier McKinney
9%
SS Ravens 90 Kyle Hamilton
8%
DT Jets 91 Quinnen Williams
8%
OT Chargers 93 Rashawn Slater
8%
TE Cardinals 89 Trey McBride
8%
FS Buccaneers 91 Antoine Winfield Jr.
7%
CB Patriots 90 Christian Gonzalez
7%
LB Saints 90 Demario Davis
7%
LB Commanders 89 Bobby Wagner
6%
DE Texans 91 Danielle Hunter
6%
CB Texans 91 Derek Stingley Jr.
6%
LB Jets 90 C.J. Mosley
5%
DE Jaguars 90 Josh Hines-Allen
5%
CB Falcons 89 A.J. Terrell Jr.
4%
ROLB Steelers 89 Alex Highsmith
4%
DE Cowboys 89 DeMarcus Lawrence
4%
FS Lions 89 Kerby Joseph
4%
OT Ravens 90 Ronnie Stanley
4%
OT Vikings 92 Christian Darrisaw
3%
DT Commanders 88 Jonathan Allen
3%
FB 49ers 88 Kyle Juszczyk
3%
OG Chiefs 90 Trey Smith
3%
DE Panthers 88 Derrick Brown
2%
CB Commanders 89 Marshon Lattimore
2%
DE Ravens 90 Nnamdi Madubuike
2%
OG Broncos 91 Quinn Meinerz
2%
C Saints 89 Erik McCoy
1%
OT Broncos 89 Garrett Bolles
1%
OG Lions 91 Kevin Zeitler
1%
No matching quizzes found
Score Distribution
Percent of People with Each Score
Percentile by Number Answered
Your Score History
You have not taken this quiz